000 00921nam a22002297a 4500
003 BPGM
008 260408s mx o|||| |||| 000 0 spa d
040 _aBPGM
_bspa
041 _aspa
_hspa
082 0 4 _a793.33 /
_bD342
_2PRIMERA EDICION
100 _aDALLAL, ALBERTO
_eAUTOR
245 _aLA DANZA MODERNA:
_bTESTIMONIOS DEL FONDO
300 _a63 páginas ;
_c18 cm x 27.1 cm
336 _2rdacontent
_atexto
_btxt
337 _2rdamedia
_asin mediación
_bn
338 _2rdacarrier
_avolumen
_bnc
505 _aANALIZA ESTE ENSAYO LAS RAICES DE LA DANZA -CUERPO HUMANO, MOVIMIENTO Y ESPACIO QUE LA HACEN POSIBLE- SUS IMPULSOS-NECESIDAD DE PRACTICAS Y EJERCICIOS COLECTIVOS-, Y SUS ORIGENES-PENETRACION DE RITOS QUE LA ENRIQUECEN-
650 _aLAS ARTES BELLAS ARTES Y LAS ARTES DECORATIVAS
650 _aARTES RECREATIVAS Y DE LA ACTUACION
650 _aJUEGOS Y DIVERSIONES BAJO TECHO
942 _2ddc
_cGENERAL
999 _c68564
_d68564